Biodegradable materials : (Record no. 20755)

000 -LEADER
fixed length control field 00512cam a22001694a 4500
020 ## - INTERNATIONAL STANDARD BOOK NUMBER
ISBN 9781611228045 (hardcover)
040 ## - CATALOGING SOURCE
Transcribing agency DLC
082 00 - DEWEY DECIMAL CLASSIFICATION NUMBER
Classification number 620 NOV 2011 A118 Or.
245 00 - TITLE STATEMENT
Title Biodegradable materials :
Remainder of title production, properties, and applications /
260 ## - PUBLICATION, DISTRIBUTION, ETC. (IMPRINT)
Place of publication Hauppauge, N.Y. :
Name of publisher Nova Science Publishers,
Year of publication c2011.
300 ## - PHYSICAL DESCRIPTION
Number of Pages x, 239 p. :
Other physical details ill. ;
Dimensions 27 cm.
650 #0 - SUBJECT ADDED ENTRY--TOPICAL TERM
Topical Term Materials
650 #0 - SUBJECT ADDED ENTRY--TOPICAL TERM
Topical Term Biodegradable products.
700 1# - ADDED ENTRY--PERSONAL NAME
Personal name Johnson, Brandon M.
700 1# - ADDED ENTRY--PERSONAL NAME
Personal name Berkel, Zachary E.
942 ## - ADDED ENTRY ELEMENTS (KOHA)
Koha item type ADB
952 ## - LOCATION AND ITEM INFORMATION (KOHA)
Withdrawn status [LOCAL, KOHA] 0
Holdings
Permanent Location Date acquired Koha item type Lost status Shelving location Barcode Current Location Full call number
Library Block A2022-11-24ADB A118a069759Library Block A620 NOV 2011 A118 Or.
មជ្ឈមណ្ឌលឯការនៃសាកលវិទ្យាល័យភូមិន្ទកសិកម្មចំការដូង

Powered by Koha